000 00429nam a2200181Ia 4500
001 13895
005 20260306164834.0
008 260306t2015||||xx |||||||||||||| ||spa||
041 _aESP
082 _a005.43
_bT19 2015
100 _aTanenbaum, Andrew S.
_eAUT
245 0 _aModern operating systems
260 _c2015
300 _a1101 páginas :
_c24 cm.
650 _aGEN
654 _aCCC
942 _cLIB
_dJUS
_fJUS
_2ddc
_n
999 _c13895
_d13895